Definite Article in Germanic Languages - Statistics

General Stats
  • This quiz has been taken 81 times
  • The average score is 15 of 27
Answer Stats
Answer % Correct
D'
100%
De
98%
Das
97%
-et / -t
97%
Der
92%
Die
90%
The
90%
Den
86%
Des
76%
Dem
73%
-a / -en
71%
-en / -n
65%
-en
56%
-a
54%
-a / -ene
54%
-et
49%
-in / -n
44%
Det
40%
Het
40%
-in
25%
-ene / -ne
21%
-ene
14%
-na
11%
-inn / -nn
10%
-ið
5%
-nar
0%
-nir
0%
No matching quizzes found
Score Distribution
Percent of People with Each Score
Percentile by Number Answered
Your Score History
You have not taken this quiz